000 00557nam a2200217 4500
005 20231127100509.0
008 231117b2017 |||||||| |||| 00| 0 eng d
020 _a978952938492
041 _aeng
080 _a340
_bHAL
100 _aHallberg, Pekka
245 _aThe rule of law
260 _aHelsinki:
_bEdita,
_c2004
300 _a280 p.: ill.; 26 cm
_bBibliography included
502 _gSITRA
650 _aLegal comparison
650 _aSustainable development
650 _aGood governance
650 _aPrinciple of legality
942 _cTH
999 _c4095
_d4095